000 00592nam a2200241Ia 4500
003 OSt
005 20221007072340.0
006 a|||||r|||| 00| 0
007 ta
008 221006b |||||||| |||| 00| 0 eng d
024 _a19,119
037 _cTextual
040 _aFLL
_cFLL
_beng
041 _2eng
_aeng
082 _aZ:883b3, J7
100 _aHarris
_9645408
245 0 _aAdvocacy
250 _a18th `
260 _aLondon
_bStevens & Sons Ltd. England
_c1957
300 _a334p
_ccm.
942 _hZ:883b3, J7
_cTEXL
_2CC
999 _c1145818
_d1145818